[Event "Hamburg-chT Landesliga 2122"]
[Site "Hamburg"]
[Date "2022.05.08"]
[Round "9.6"]
[White "Kleiner, Michael"]
[Black "Streich, Justus"]
[Result "0-1"]
[WhiteElo "2087"]
[BlackElo "1942"]
[PlyCount "68"]
[EventDate "2021.10.31"]
[EventType "team-tourn"]
[EventRounds "9"]
[EventCountry "GER"]
[SourceTitle "EXT 2023"]
[Source "ChessBase"]
[SourceDate "2022.10.05"]
[SourceVersion "1"]
[SourceVersionDate "2022.10.05"]
[SourceQuality "1"]
[WhiteTeam "Hamburger SK V"]
[BlackTeam "Hamburg Koenigsspringer II"]
[WhiteTeamCountry "GER"]
[BlackTeamCountry "GER"]

1. e4 e5 2. Nf3 Nc6 3. Bb5 Nf6 4. 0-0 Nxe4 5. Re1 Nd6 6. Bxc6 dxc6 7. Nxe5 Be7 8. Qe2 Be6 9. d3 0-0 10. Bd2 Ne8 11. Nxf7 Rxf7 12. Qxe6 Qd4 13. Bc3 Qxf2+ 14. Kh1 Bd6 15. Nd2 Qf5 16. Nf3 Qxe6 17. Rxe6 Nf6 18. Bxf6 Rxf6 19. Rxf6 gxf6 20. Re1 Rf8 21. g3 c5 22. Kg2 Kg7 23. d4 cxd4 24. Nxd4 Kg6 25. c3 a6 26. g4 h5 27. Re4 hxg4 28. Rxg4+ Kh5 29. Kh3 f5 30. Rg2 f4 31. Rf2 Rf6 32. Nf3 Re6 33. Rg2 Re3 34. Rg5+ Kh6 0-1